Ancient Gods: Greek to Roman - Statistics

General Stats
  • This quiz has been taken 335 times
  • The average score is 12 of 17
Answer Stats
Hint Answer % Correct
Zeus Jupiter
97%
Poseidon Neptune
95%
Ares Mars
94%
Aphrodite Venus
92%
Hades Pluto
88%
Hermes Mercury
87%
Cronos Saturn
77%
Artemis Diana
74%
Eros Cupid
73%
Hera Juno
71%
Apollo Apollo
69%
Dionysus Bacchus
69%
Athena Minerva
67%
Hephaestus Vulcan
65%
Demeter Ceres
51%
Persephone Proserpine
14%
Gaia Gaea
13%
No matching quizzes found
Score Distribution
Percent of People with Each Score
Percentile by Number Answered
Your Score History
You have not taken this quiz